Missing Word: Football Hall of Fame (A-Z) Quiz Stats

 Plays Quiz Updated Sep 15, 2015

Score 0/24 Timer 04:00
0 Plays Today
Hint Answer % Correct
_____ LombardiVince
93%
_____ BradshawTerry
91.2%
_____ SandersBarry
91%
Deion _____Sanders
90.6%
_____ ButkusDick
89.6%
Troy _____Aikman
85.5%
Johnny _____Unitas
85%
_____ ThorpeJim
83.5%
Walter _____Payton
83.2%
Warren _____Moon
79.5%
Steve _____Young
77.9%
_____ SayersGale
77.4%
Hint Answer % Correct
Marshall _____Faulk
76.8%
Franco _____Harris
76.6%
_____ TaylorLawrence
76.3%
_____ SmithEmmitt
75.8%
Reggie _____White
66.8%
_____ NewsomeOzzie
64.5%
Michael _____Irvin
63.1%
_____ DentRichard
61%
Larry _____Csonka
51%
Cortez _____Kennedy
48.2%
Ray _____Nitschke
29.8%
Gary _____Zimmerman
25.6%

Today's Daily Dose

Missing Word
Top 10 Artists

Word Ladder
'70s Song II

On This Day
October 20th II

You're not logged in!

Compare scores with friends on all Sporcle quizzes.
Join for Free
OR
Log In

You Might Also Like...

Show Comments

Extras

Top Quizzes Today


Score Distribution

Your Account Isn't Verified!

In order to create a playlist on Sporcle, you need to verify the email address you used during registration. Go to your Sporcle Settings to finish the process.

Report this User

Report this user for behavior that violates our Community Guidelines.

Details: